The compaign in India / (Record no. 76202)

MARC details
000 -LEADER
fixed length control field 00547nam a22001817a 4500
005 - DATE AND TIME OF LATEST TRANSACTION
control field 20130611115250.0
010 ## - LCCN (DPL NO)
LC control number ENG-107412
020 ## - INTERNATIONAL STANDARD BOOK NUMBER
International Standard Book Number 9789381523377
Terms of availability 1250.00
035 ## - SYSTEM CONTROL NUMBER
System control number EN-90945
037 ## - SOURCE OF ACQUISITION
Source of stock number/acquisition DBAD/PUB
082 ## - DEWEY DECIMAL CLASSIFICATION NUMBER
Classification number 954.083
100 ## - MAIN ENTRY--PERSONAL NAME
Personal name Atkinson, G. F.
245 ## - TITLE STATEMENT
Title The compaign in India /
Statement of responsibility, etc by G. F. Atkinson ; foreworded by Mushirul Hasan
260 ## - PUBLICATION, DISTRIBUTION, ETC. (IMPRINT)
Place of publication, distribution, etc New Delhi
Name of publisher, distributor, etc Niyogi Books
Date of publication, distribution, etc 2012
270 ## - ADDRESS
Address D-78, Okhla Industrial Area, Phase-I
City New Delhi
Postal code 110020
300 ## - PHYSICAL DESCRIPTION
Extent 92p. :
Dimensions 28cm(Hb)
Other physical details col. ill.
942 ## - ADDED ENTRY ELEMENTS (KOHA)
Source of classification or shelving scheme Dewey Decimal Classification
Item type English Books
Call number suffix CAM
Classification part ATK
Holdings
Withdrawn status Lost status Not for loan Collection code Home library Current library Date acquired Source of acquisition Cost, normal purchase price Full call number Barcode Copy number Cost, replacement price Koha item type
    Not For Loan Non-fiction D.B.Act.Division D.B.Act.Division 27/05/2013 DBAD/PUB 1250.00 954.083 ATK EN-90945 1 1250.00 English Books

© Delhi Public Library
Hit Counter
free hit counter